| 000 | 00850cam a22003013a 4500 | ||
|---|---|---|---|
| 001 | 32864 | ||
| 003 | PGUSA | ||
| 005 | 20140828083718.0 | ||
| 008 | 100617s2010||||xxu|||||s|||||000 1 eng d | ||
| 040 |
_aPGUSA _beng |
||
| 042 | _adc | ||
| 050 | 4 | _aPS | |
| 100 | 1 |
_aSamachson, Joseph, _d1906-1980 |
|
| 245 | 1 | 0 |
_aBedside Manner _h[electronic resource] / _cJoseph Samachson |
| 260 |
_bProject Gutenberg, _c2010 |
||
| 506 | _aPublic domain in the USA. | ||
| 516 | _aElectronic text | ||
| 653 | _aAccident victims -- Fiction | ||
| 653 | _aScience fiction | ||
| 653 | _aBeauty, Personal -- Fiction | ||
| 653 | _aPhysicians -- Fiction | ||
| 653 | _aShort stories | ||
| 653 | _aHuman-alien encounters -- Fiction | ||
| 700 | 1 | _aVidmer | |
| 830 | 0 |
_aProject Gutenberg _v32864 |
|
| 856 | 4 | 0 | _uhttp://www.gutenberg.org/ebooks/32864 |
| 942 | _cEB | ||
| 999 |
_c262119 _d262119 |
||